| 000 | 00791nam a2200229 a 4500 | ||
|---|---|---|---|
| 001 | BRCA_5519 | ||
| 005 | 20190320205120.0 | ||
| 008 | 040211s2010----mx-a######---#000-0#spa-# | ||
| 020 | _a9789685546218 | ||
| 041 | _aspa | ||
| 044 | _amx | ||
| 050 | 4 |
_aF1226 _b.M4 2010 |
|
| 245 | 1 | 0 |
_aMéxico 200 años _bla patria en construcción. |
| 260 |
_aMéxico _bChapa _c2010 |
||
| 300 |
_a559 p. _bil. (algunas a color) _c38 cm. |
||
| 500 | _aIncluye catálogo de obra | ||
| 500 | _aIncluye piezas de la colección Franz Mayer: p. 510, 520-521, 523-524, 534-536 | ||
| 504 | _aBibliografía: p. 502-503 | ||
| 651 | 4 |
_aMéxico _xHistoria _yBicentenario de la independencia, 1810-2010 _914099 |
|
| 651 | 4 |
_aMéxico _xHistoria _yCentenario de la Revolución Mexicana, 1910-2010 _914100 |
|
| 942 |
_2lcc _cB |
||
| 999 |
_c5213 _d5213 |
||